| Tag |
First Indicator |
Second Indicator |
Subfields |
| LEADER |
00000nam a22000004a 4500 |
| 001 |
in00004676421 |
| 006 |
m o d |
| 007 |
cr cn||||||||| |
| 008 |
751101s1969 nyua ob 001 0 eng d |
| 005 |
20260214214350.7 |
| 020 |
|
|
|a 9780470147351
|q (electronic bk.)
|
| 020 |
|
|
|a 0470147350
|q (electronic bk.)
|
| 020 |
|
|
|a 0471237485
|
| 020 |
|
|
|a 9780471237488
|
| 020 |
|
|
|z 9780470147139
|
| 020 |
|
|
|z 047014713X
|
| 020 |
|
|
|z 9780471237488
|
| 024 |
7 |
|
|a 10.1002/9780470147139
|2 doi
|
| 035 |
|
|
|a wil6007436
|
| 035 |
|
|
|a (NhCcYBP)wil6007436
|
| 037 |
|
|
|a 10.1002/9780470147139
|b Wiley InterScience
|n http://www3.interscience.wiley.com
|
| 040 |
|
|
|a NhCcYBP
|b eng
|c NhCcYBP
|
| 050 |
|
4 |
|a QD481
|b .T674 1969eb
|
| 060 |
|
4 |
|a QD 481 T674 v.4 1969
|
| 072 |
|
7 |
|a SCI
|x 013070
|2 bisacsh
|
| 082 |
0 |
4 |
|a 541.223
|2 22
|
| 245 |
0 |
0 |
|a Topics in stereochemistry.
|n Volume 4 /
|c editors, Ernest L. Eliel, Norman L. Allinger.
|
| 260 |
|
|
|a New York :
|b John Wiley & Sons,
|c 1969.
|
| 300 |
|
|
|a 1 online resource (ix, 269 pages) :
|b illustrations.
|
| 336 |
|
|
|a text
|b txt
|2 rdacontent
|
| 337 |
|
|
|a computer
|b c
|2 rdamedia
|
| 338 |
|
|
|a online resource
|b cr
|2 rdacarrier
|
| 490 |
1 |
|
|a Topics in Stereochemistry ;
|v v. 8
|
| 504 |
|
|
|a Includes bibliographical references and indexes.
|
| 588 |
0 |
|
|a Print version record.
|
| 505 |
0 |
|
|a TOPICS IN STEREOCHEMISTRY; CONTENTS; THE STEREOCHEMISTRY OF CYCLOHEXYL AND VINYLIC RADICALS; GEOMETRY AND CONFORMATIONAL PROPERTIES OF SOME FIVE- AND SIX-MEMBERED HETEROCYCLIC COMPOUNDS CONTAINING OXYGEN OR SULFUR; THE STEREOCHEMICAL ANALOGY MODEL-A MATHEMATICAL THEORY OF DYNAMIC STEREOCHEMISTRY; CHIRALITY DUE TO THE PRESENCE OF HYDROGEN ISOTOPES AT NONCYCLIC POSITIONS; Author Index; Subject Index; Cumulative Index, Volumes 1-4.
|
| 520 |
|
|
|a This seminal series, first edited by Ernest Eliel, responsible for some of the major advances in stereochemistry and the winner of the ACS Priestley Medal in 1996, provides coverage of the major developments of the field of stereochemistry. The scope of this series is broadly defined to encompass all fields of chemical and biological sciences that are founded on molecular and supramolecular interactions. Insofar as chemical, physical, and biological properties are determined by molecular shape and structure, the importance of stereochemistry is fundamental to and consequential for all natural.
|
| 650 |
|
0 |
|a Stereochemistry.
|
| 650 |
|
0 |
|a Chemistry, Physical and theoretical.
|
| 655 |
|
4 |
|a Electronic books.
|
| 700 |
1 |
|
|a Allinger, Norman L.
|
| 700 |
1 |
|
|a Eliel, Ernest L.
|q (Ernest Ludwig),
|d 1921-2008.
|
| 776 |
0 |
8 |
|i Print version:
|t Topics in stereochemistry.
|d New York : John Wiley & Sons, 1969
|
| 830 |
|
0 |
|a Topics in stereochemistry.
|
| 856 |
4 |
0 |
|u http://proxy.library.tamu.edu/login?url=https://onlinelibrary.wiley.com/book/10.1002/9780470147139
|z Connect to the full text of this electronic book
|t 0
|
| 955 |
|
|
|a Wiley EBA record
|
| 975 |
|
|
|p Wiley UBCM Full Collection 2026
|
| 999 |
f |
f |
|s 7b355b17-0343-4599-9b25-b385108567c2
|i c0deab09-115d-42bb-9e93-a2f705ba32d9
|t 0
|
| 952 |
f |
f |
|a Texas A&M University
|b College Station
|c Electronic Resources
|s evans_pda
|d Available Online
|t 0
|e QD481 .T674 1969eb
|h Library of Congress classification
|
| 998 |
f |
f |
|a QD481 .T674 1969eb
|t 0
|l Available Online
|